| 000 | 00626cam a2200217 4500500 | ||
|---|---|---|---|
| 005 | 20260405003711.0 | ||
| 041 | _afre | ||
| 042 | _adc | ||
| 100 | 1 | 0 |
_aLarmagnac-Matheron, Octave _eauthor |
| 245 | 0 | 0 | _a“République” |
| 260 | _c2023. | ||
| 500 | _a78 | ||
| 690 | _aDémocratie | ||
| 690 | _aÉtat | ||
| 690 | _aJacques Rancière | ||
| 690 | _aManifestations | ||
| 690 | _aOlivier Véran | ||
| 690 | _aPolitique | ||
| 786 | 0 | _nPhilosophie magazine | 170 | 6 | 2023-06-01 | p. 5-5 | 1951-1787 | |
| 856 | 4 | 1 | _uhttps://shs.cairn.info/magazine-philosophie-magazine-2023-6-page-5?lang=fr&redirect-ssocas=7080 |
| 999 |
_c2069989 _d2069989 |
||